[Event "Primera"]
[Site ""]
[Date "2006.??.??"]
[Round "4"]
[White "Bosque José Luis"]
[Black "García Obdulio"]
[Result "1/2-1/2"]
[WhiteElo "1784"]
[BlackElo "1731"]

1.Nf3 Nf6 2.d4 g6 3.c4 Bg7 4.Nc3 O-O 5.Bg5 d6 6.e3 Bg4 7.Be2 Nbd7 8.O-O c5 9.
h3 Bxf3 10.Bxf3 Rb8 11.dxc5 Nxc5 12.Nb5 a6 13.Nd4 Nfe4 14.Bh4 g5 15.b4 gxh4
16.bxc5 dxc5 17.Bxe4 cxd4 18.Qh5 f5 19.Bxf5 Rxf5 20.Qxf5 dxe3 21.Rad1 exf2+
22.Qxf2 Qc7 23.Qxh4 Bf6 24.Qg4+ Kh8 25.Rxf6 exf6 26.Rd7 Qc5+ 27.Kh2 Qg5 28.Qe4
Qe5+ 29.Qxe5 fxe5 30.Rc7 b5 31.c5 e4 1/2-1/2

[Event "Primera"]
[Site ""]
[Date "2006.??.??"]
[Round "4"]
[White "Sancho Jesús"]
[Black "Sacristán Alberto"]
[Result "1-0"]
[WhiteElo "1686"]
[BlackElo "1612"]

1.e4 c5 2.Nf3 d6 3.d4 cxd4 4.Nxd4 Nf6 5.Nc3 a6 6.Be3 e5 7.Nf3 Be6 8.Be2 Be7 9.
Ng5 Bc8 10.O-O h6 11.Nf3 b5 12.Nd5 Nbd7 13.Nh4 Nxd5 14.Qxd5 Rb8 15.Nf5 Nf6 16.
Qc6+ Qd7 17.Qxd7+ Bxd7 18.Nxe7 Kxe7 19.f3 Rbc8 20.Rac1 Rc7 21.c4 Rhc8 22.cxb5
Bxb5 23.Bxb5 axb5 24.Rxc7+ Rxc7 25.Rc1 Rxc1+ 26.Bxc1 d5 27.exd5 Nxd5 28.Kf2
Nb4 29.Ke2 Kd6 30.a3 Na6 31.b4 Kd5 32.Kd3 f5 33.h4 h5 34.Be3 Nc7 35.Kc3 Ne6
36.Bf2 Nd4 37.Kd3 Ne6 38.Be3 Nd4 39.Bxd4 exd4 40.f4 1-0

[Event "Primera"]
[Site ""]
[Date "2006.??.??"]
[Round "4"]
[White "Lorente Antonio"]
[Black "Laborda Oscar"]
[Result "1-0"]
[WhiteElo "1773"]
[BlackElo "1662"]

1.e4 c6 2.d4 d5 3.Nc3 dxe4 4.Nxe4 Bf5 5.Ng3 Bg6 6.Nf3 Nd7 7.Bc4 e6 8.O-O Bd6
9.c3 Ngf6 10.Re1 O-O 11.Nh4 Bxg3 12.hxg3 Bh5 13.Qc2 Re8 14.Bg5 h6 15.Bxf6 Nxf6
16.Re5 g5 17.Nf3 Ng4 18.Ree1 Bg6 19.Qe2 Kg7 20.Ne5 Nxe5 21.Qxe5+ Qf6 22.Qxf6+
Kxf6 23.g4 Rh8 24.Re5 h5 25.f4 hxg4 26.fxg5+ Kg7 27.Rf1 Bf5 28.Be2 Rh5 29.Rf4
Rxg5 30.Bxg4 f6 31.Rexf5 exf5 32.Bxf5 Re8 33.Kf2 Rh8 34.Bh3 Kg6 35.Re4 Rf8 36.
Re7 Rf7 37.Re8 Kg7 38.Be6 Rc7 39.Kf3 Kh7 40.g4 Rgg7 41.Bf5+ Kh6 42.Rh8+ Rh7
43.Rxh7+ Rxh7 44.Bxh7 Kxh7 45.Kf4 Kg6 46.b3 b5 47.c4 bxc4 48.bxc4 Kf7 49.Kf5
Ke7 50.Kg6 1-0

[Event "Primera"]
[Site ""]
[Date "2006.??.??"]
[Round "4"]
[White "Delso Jaime"]
[Black "Gimeno José Andrés"]
[Result "0-1"]
[WhiteElo "1708"]
[BlackElo "1777"]

1.e4 c5 2.Nf3 g6 3.g3 Bg7 4.Bg2 d6 5.d3 Nf6 6.O-O O-O 7.Re1 Nc6 8.c3 Qb6 9.Qc2
Bd7 10.Nbd2 Qc7 11.Nf1 b5 12.Ne3 a5 13.Nd5 Nxd5 14.exd5 Ne5 15.Bf4 Rae8 16.Re2
Bf5 17.Nxe5 dxe5 18.Bd2 c4 19.Be4 Bg4 20.f3 Bc8 21.f4 Rd8 22.fxe5 Bxe5 23.d4
Bg7 24.Bf4 Qd7 25.Rae1 Bb7 26.Bg2 Rfe8 27.d6 e6 28.Bxb7 Qxb7 29.Qe4 Qd7 30.h4
Bf8 31.h5 Bxd6 32.hxg6 hxg6 33.Rh2 Bxf4 34.gxf4 Qd5 35.Qe3 Kf8 36.Qg3 0-1

[Event "Primera"]
[Site ""]
[Date "2006.??.??"]
[Round "4"]
[White "Colom Eduardo"]
[Black "Sáinz de la Maza Pilar"]
[Result "1-0"]
[WhiteElo "1808"]
[BlackElo "1629"]

1.e4 e5 2.f4 d5 3.exd5 exf4 4.Nf3 Nf6 5.Bc4 Bd6 6.O-O O-O 7.d4 Nbd7 8.Bb3 Nb6
9.c4 Be7 10.Nc3 Bg4 11.c5 Nbxd5 12.Qd3 Nxc3 13.Qxc3 Ne4 14.Qc4 Bf6 15.d5 Qe7
16.Kh1 Bxf3 17.Rxf3 Nxc5 18.Bxf4 Rad8 19.Re3 b5 20.Qxb5 a6 21.Qc4 Qd7 22.Qxc5
Qg4 23.Bxc7 Bd4 24.Qc4 Rxd5 25.Qxd5 Bxe3 26.Re1 Bf4 27.Qxf7+ 1-0

[Event "Primera"]
[Site ""]
[Date "2006.??.??"]
[Round "4"]
[White "Quintín Alberto"]
[Black "Casanova Gabriel"]
[Result "1-0"]
[WhiteElo "1792"]
[BlackElo "1641"]

1.e4 e5 2.Nf3 Nc6 3.Bb5 d6 4.d4 Bd7 5.O-O Nf6 6.Nc3 a6 7.Bxc6 Bxc6 8.dxe5 dxe5
9.Nxe5 Qxd1 10.Rxd1 Bb4 11.Nxc6 Bxc3 12.bxc3 bxc6 13.Ba3 Rd8 14.Rxd8+ Kxd8 15.
Rd1+ Kc8 16.f3 Rd8 17.Rxd8+ Kxd8 18.Kf2 Nd7 19.f4 g6 20.Ke3 Nb6 21.Kd4 Kd7 22.
g4 Nc8 23.c4 Nb6 24.f5 Kc8 25.h4 Nd7 26.Be7 Kb7 27.c5 Kc8 28.fxg6 fxg6 29.e5
Nb8 30.e6 a5 31.a4 Na6 32.c3 Nb8 33.Ke5 Na6 34.Kf6 Nb4 35.cxb4 axb4 36.Kf7 b3
37.Bf6 h5 38.gxh5 gxh5 39.e7 Kb7 40.e8=Q 1-0

[Event "Primera"]
[Site ""]
[Date "2006.??.??"]
[Round "5"]
[White "Donoso Alejandro"]
[Black "Tello Rafael"]
[Result "1-0"]
[WhiteElo "1786"]
[BlackElo "1578"]

1.e4 c5 2.Nc3 d6 3.g3 Nc6 4.f4 Nf6 5.h3 Bd7 6.Bg2 g6 7.g4 h6 8.Nf3 Bg7 9.d3
Qb6 10.Rb1 O-O-O 11.Be3 e6 12.Nd2 Nd4 13.Nc4 Qc7 14.b4 Ng8 15.e5 dxe5 16.bxc5
Bc6 17.Ne4 Kd7 18.O-O f5 19.Ned6 Bxg2 20.Kxg2 Rb8 21.fxe5 Qxc5 22.Rf4 Qd5+ 23.
Kg1 Bxe5 24.Nxe5+ Qxe5 25.Nc4 Qc7 26.Rxd4+ Ke7 27.Qf3 Nf6 28.Bf4 1-0

[Event "Primera"]
[Site ""]
[Date "2006.??.??"]
[Round "5"]
[White "Jiménez Alejandro"]
[Black "Tirapo Ana"]
[Result "0-1"]
[WhiteElo "1719"]
[BlackElo "1868"]

1.d4 Nf6 2.c4 g6 3.Nc3 Bg7 4.e4 d6 5.Nf3 O-O 6.Be2 e5 7.d5 Nbd7 8.Bg5 a5 9.O-O
h6 10.Bh4 Nc5 11.Nd2 Re8 12.f3 g5 13.Bf2 Nh5 14.b3 Nf4 15.a3 g4 16.b4 axb4 17.
axb4 Rxa1 18.Qxa1 Ncd3 19.Bxd3 Nxd3 20.Qb1 Nf4 21.Be3 Qg5 22.Kh1 gxf3 23.g3
Qg6 24.Nxf3 Bh3 25.Rf2 Nh5 26.Nh4 Qg4 27.Qd1 Qxd1+ 28.Nxd1 Ra8 29.Ng2 Ra1 30.
Rf1 Bg4 0-1

[Event "Primera"]
[Site ""]
[Date "2006.??.??"]
[Round "5"]
[White "Rubio Abel"]
[Black "Iglesias Luis"]
[Result "1-0"]
[WhiteElo "1817"]
[BlackElo "1748"]

1.d4 d6 2.Nf3 g6 3.b4 Bg7 4.e3 Nf6 5.Bb2 O-O 6.c4 c6 7.Nc3 d5 8.Ne5 Nbd7 9.f4
Ne4 10.Qf3 Nxe5 11.fxe5 f6 12.e6 Nxc3 13.Bxc3 Bxe6 14.c5 Bf5 15.Be2 Be4 16.Qg3
Qb8 17.Qf2 b6 18.O-O bxc5 19.bxc5 Bh6 20.Bf3 f5 21.Rae1 Qc7 22.Qh4 Bg7 23.Rf2
Rab8 24.Bxe4 fxe4 25.Ref1 Rxf2 26.Qxf2 Rf8 27.Qe2 Rxf1+ 28.Qxf1 Bh6 29.Qe2 Qb8
30.g3 Qb1+ 31.Kg2 Qc1 32.Bd2 Qc2 33.a3 Qa2 34.a4 Qxa4 35.Be1 Qb3 36.Bf2 Qb7
37.Qg4 a5 38.Qe6+ Kh8 39.g4 a4 40.Bg3 a3 41.Qf7 1-0

[Event "Primera"]
[Site ""]
[Date "2006.??.??"]
[Round "5"]
[White "Moreno Laura"]
[Black "Planas Alberto"]
[Result "1-0"]
[WhiteElo "1710"]
[BlackElo "1837"]

1.e4 d5 2.exd5 Qxd5 3.Nc3 Qa5 4.Bc4 Nf6 5.d3 c6 6.Ne2 Bg4 7.O-O Nbd7 8.Kh1 e6
9.f3 Bh5 10.Ng3 Bd6 11.Nce4 Nxe4 12.Nxe4 Bc7 13.Bd2 Qe5 14.g3 O-O-O 15.Bf4 Qa5
16.b4 Qxb4 17.Rb1 Qa5 18.Nd6+ Bxd6 19.Bxd6 Nb6 20.Bb4 Qa4 21.Bb3 Qa6 22.Re1
Nd5 23.Bd2 Bg6 24.a4 c5 25.Bc4 Qd6 26.Rb5 Rhe8 27.Qb1 Re7 28.Qb2 f6 29.Rb1
Rdd7 30.Qa3 Rc7 31.Ba5 b6 32.Bd2 Be8 33.R5b3 Bd7 34.a5 Kd8 35.axb6 axb6 36.Bb5
1-0

[Event "Primera"]
[Site ""]
[Date "2006.??.??"]
[Round "5"]
[White "Juni Marcos"]
[Black "Domínguez Alejandro"]
[Result "1-0"]
[WhiteElo "1631"]
[BlackElo "1779"]

1.e4 c5 2.Nf3 d6 3.d4 cxd4 4.Nxd4 Nf6 5.Nc3 e6 6.f4 Be7 7.Qf3 Nc6 8.Nxc6 bxc6
9.e5 dxe5 10.fxe5 Nd5 11.Bc4 Bc5 12.Ne4 Be7 13.O-O O-O 14.Kh1 Qb6 15.Qg3 f5
16.exf6 Nxf6 17.Bh6 Nh5 18.Rxf8+ Bxf8 19.Qg4 Qxb2 20.Rf1 Qe5 21.Qf3 Bd7 22.
Qf7+ 1-0

[Event "Primera"]
[Site ""]
[Date "2006.??.??"]
[Round "5"]
[White "Cortés Cecilio"]
[Black "Carilla Angel"]
[Result "0-1"]
[WhiteElo "1792"]
[BlackElo "1847"]

1.e4 e6 2.Nc3 d5 3.exd5 exd5 4.d4 c6 5.h3 Bf5 6.Nf3 h6 7.Be2 Bd6 8.Be3 Nd7 9.
Qd2 Qa5 10.a3 Ngf6 11.O-O Qc7 12.Bd3 Ne4 13.Bxe4 Bxe4 14.Nxe4 dxe4 15.Nh4
O-O-O 16.Nf5 g5 17.b4 Nb6 18.Qe2 Kb8 19.c4 Bf4 20.a4 h5 21.a5 Nc8 22.c5 a6 23.
g3 h4 24.g4 Rd5 25.Rfd1 Ne7 26.Bxf4 gxf4 27.Nd6 f5 28.g5 Nc8 29.b5 Nxd6 30.
cxd6 Qxd6 31.bxa6 Rb5 32.axb7 Kxb7 33.Rdb1 Ka6 34.Qc4 Qd5 35.Qc3 Rg8 36.Rc1
Rxg5+ 37.Kh2 Rg6 38.Qc4 f3 39.Qxd5 cxd5 40.Rc3 Rxa5 41.Rcc1 Rd6 42.Rxa5+ Kxa5
0-1

[Event "Primera"]
[Site ""]
[Date "2006.??.??"]
[Round "5"]
[White "García Obdulio"]
[Black "Nasarre Tomás"]
[Result "1-0"]
[WhiteElo "1731"]
[BlackElo "1764"]

1.d4 d5 2.c4 e6 3.Nc3 Nf6 4.e3 Be7 5.Nf3 O-O 6.Bd2 Nbd7 7.c5 c6 8.b4 Qc7 9.Be2
e5 10.dxe5 Nxe5 11.h3 Nxf3+ 12.Bxf3 Nd7 13.Ne2 Ne5 14.Ng3 Nd3+ 15.Ke2 Nxf2 16.
Kxf2 Bh4 17.Be1 Bxg3+ 18.Ke2 Be5 19.Rc1 b6 20.g4 Ba6+ 21.Kf2 Rad8 22.Bc3 Bh2
23.Be2 Qg3+ 24.Kf1 Qxh3+ 25.Ke1 Qg3+ 26.Kd2 Bc4 27.Bd4 b5 28.Bxc4 dxc4 29.Qe2
Rxd4+ 30.exd4 Qf4+ 31.Kc3 Bg3 32.Rcf1 Qc7 33.Qe4 g6 34.Rh3 Qb8 35.Rfh1 Re8 36.
Qf3 Bf4 37.Rxh7 Re3+ 38.Qxe3 1-0

[Event "Primera"]
[Site ""]
[Date "2006.??.??"]
[Round "5"]
[White "Teixidó Benedí Andrés"]
[Black "Glez-Mendoza José Antonio"]
[Result "0-1"]
[WhiteElo "1692"]
[BlackElo "1704"]

1.e4 e5 2.Nf3 Nc6 3.Bb5 a6 4.Ba4 Nf6 5.O-O Be7 6.Nc3 b5 7.Bb3 O-O 8.d3 d6 9.
Ne2 Na5 10.Ng3 c5 11.Qe2 Ne8 12.Bd5 Rb8 13.a3 Nc7 14.Ba2 Ne6 15.Nf5 Nc6 16.
Nxe7+ Qxe7 17.c3 Kh8 18.h3 f5 19.exf5 Nf4 20.Bxf4 exf4 21.Qxe7 Nxe7 22.Rfe1
Nxf5 23.Ng5 h6 24.Ne6 Bxe6 25.Rxe6 Rbd8 26.Rae1 Kh7 27.Bd5 Rd7 28.Be4 Kh8 29.
Bxf5 Rxf5 30.Re8+ Kh7 31.Ra8 Rd5 32.Rd1 Re5 33.d4 cxd4 34.Rxd4 g5 35.Rxa6 Re1+
36.Kh2 d5 37.Rb6 Re2 38.Rxb5 Rxf2 39.Kg1 Rc2 40.Rdb4 Kg6 41.Rb7 Rxb7 42.Rxb7
Kh5 43.a4 Kh4 44.a5 Kg3 45.Kf1 Rc1+ 46.Ke2 Kxg2 47.Rf7 Rc2+ 48.Kd3 Rxb2 49.a6
f3 50.a7 Ra2 51.Ke3 Re2+ 52.Kd4 Re8 53.Rb7 Ra8 54.Rb2+ Kxh3 55.Ra2 0-1

[Event "Primera"]
[Site ""]
[Date "2006.??.??"]
[Round "5"]
[White "Lozano Francisco"]
[Black "Mánguez José Luis"]
[Result "1/2-1/2"]
[WhiteElo "1675"]
[BlackElo "1825"]

1.d4 Nf6 2.Nf3 d5 3.e3 g6 4.c4 Bg7 5.Nbd2 O-O 6.Bd3 Nc6 7.cxd5 Qxd5 8.O-O e5
9.Bc4 Qd6 10.dxe5 Nxe5 11.b3 Nxc4 12.Nxc4 Qxd1 13.Rxd1 Ne4 14.Bb2 Bxb2 15.Nxb2
Bg4 16.Rd4 Bxf3 17.gxf3 Ng5 18.Kg2 Rfd8 19.Rad1 Ne6 20.Rd7 Kf8 21.Nc4 Rxd7 22.
Rxd7 Rd8 23.Rxd8+ Nxd8 24.f4 Nc6 25.a3 b5 26.Ne5 Nxe5 27.fxe5 c5 28.f4 Ke7 29.
Kf3 c4 30.bxc4 bxc4 31.Ke4 c3 32.Kd3 c2 33.Kxc2 Ke6 34.Kd3 Kf5 35.h3 g5 36.
fxg5 Kxg5 37.Ke4 h5 38.e6 fxe6 39.Ke5 Kh4 40.Kxe6 Kxh3 41.e4 Kg3 42.e5 h4 43.
Kd7 h3 44.e6 h2 45.e7 h1=Q 46.e8=Q Qd5+ 47.Kc7 Qc5+ 48.Qc6 Qxa3 49.Qd6+
1/2-1/2

[Event "Primera"]
[Site ""]
[Date "2006.??.??"]
[Round "5"]
[White "Lera José Carlos"]
[Black "Bosque José Luis"]
[Result "1/2-1/2"]
[WhiteElo "1590"]
[BlackElo "1784"]

1.d4 Nf6 2.c4 g6 3.Nc3 Bg7 4.e4 d6 5.Be3 Nbd7 6.Bd3 O-O 7.f3 c5 8.d5 Ne5 9.Be2
Ne8 10.Qd2 f5 11.Bh6 fxe4 12.Bxg7 Nxg7 13.fxe4 Ng4 14.Bxg4 Bxg4 15.h3 Bd7 16.
Nf3 e5 17.O-O-O Qf6 18.Rdf1 Qf4 19.Qxf4 Rxf4 20.Nd2 Raf8 21.Rxf4 Rxf4 22.Rf1
Nh5 23.Ne2 Rxf1+ 24.Nxf1 Kf7 25.Nfg3 Nxg3 26.Nxg3 Kf6 27.h4 Bg4 28.Nf1 h5 29.
a3 Be2 30.Ne3 Bd3 31.g4 Bxe4 32.g5+ Ke7 33.Kd2 Kd7 34.Kc3 Kc7 35.b4 cxb4+ 36.
axb4 b6 37.b5 Bf3 1/2-1/2

[Event "Primera"]
[Site ""]
[Date "2006.??.??"]
[Round "5"]
[White "Gimeno José Andrés"]
[Black "Quintín Alberto"]
[Result "0-1"]
[WhiteElo "1777"]
[BlackElo "1792"]

1.d4 Nf6 2.Nf3 c5 3.c3 b6 4.e3 Bb7 5.Nbd2 g6 6.b4 Bg7 7.bxc5 bxc5 8.Rb1 Bc6 9.
Ne5 O-O 10.Nxc6 Nxc6 11.Be2 Rb8 12.Ba3 cxd4 13.Rxb8 Qxb8 14.cxd4 d6 15.O-O Rc8
16.Qa1 Qb6 17.Bb2 Na5 18.Rb1 Rc2 19.Bc3 Qc7 20.Bxa5 Qxa5 21.Nb3 Qxa2 22.Qxa2
Rxa2 23.Bf3 Nd7 24.Bc6 Nb6 25.g3 e5 26.dxe5 Bxe5 27.Rd1 Nc4 28.Nd4 Rd2 29.Ra1
a5 30.Ra4 Bxd4 31.Rxc4 Bc5 32.Ra4 Bb4 33.Ra1 Kf8 34.Ba4 Ke7 35.Bb3 g5 36.g4 f6
37.Kg2 Re2 38.Kf3 Re1 39.Ra2 Rc1 40.Ke4 Rc3 41.Bg8 Rc8 42.Bb3 Kf8 43.f4 gxf4
44.exf4 Rc5 45.Rc2 Rxc2 46.Bxc2 Kg7 47.Kf5 d5 48.h4 h6 49.g5 hxg5 50.hxg5 fxg5
51.fxg5 d4 52.g6 Kh6 53.Ke6 Bf8 54.Kf7 Bg7 55.Bd1 d3 56.Ba4 d2 57.Bc2 Bc3 58.
Ba4 Kg5 59.g7 Bxg7 60.Kxg7 Kf5 61.Kf7 Ke5 62.Ke7 Kd5 63.Kf6 Kc4 64.Ke5 Kb4 65.
Bd1 a4 66.Ke4 a3 67.Kd3 a2 68.Kxd2 a1=Q 69.Bc2 Qb2 70.Kd3 Qc3+ 0-1

[Event "Primera"]
[Site ""]
[Date "2006.??.??"]
[Round "5"]
[White "Casas José Antonio"]
[Black "Sancho Jesús"]
[Result "0-1"]
[WhiteElo "1768"]
[BlackElo "1686"]

1.e4 e5 2.Nf3 Nc6 3.Bb5 a6 4.Ba4 Nf6 5.Bxc6 dxc6 6.d3 Bd6 7.Nbd2 Be6 8.Qe2 Nd7
9.Nf1 Qe7 10.Ng3 O-O-O 11.Be3 f6 12.Nf5 Bxf5 13.exf5 g6 14.fxg6 hxg6 15.O-O-O
Qe6 16.Kb1 c5 17.Nd2 Nb6 18.Ne4 Kb8 19.Bxc5 Bxc5 20.Nxc5 Qc6 21.Qe3 Nd5 22.
Nxa6+ Qxa6 23.Qd2 Rd6 24.c4 Nf4 25.Qc3 Rhd8 26.d4 Ne2 27.Qc2 Nxd4 28.Qxg6 Qxc4
29.Rc1 Qb5 30.Qf7 Qd3+ 31.Ka1 Nc2+ 32.Kb1 Na3+ 33.Ka1 Qb1+ 0-1

[Event "Primera"]
[Site ""]
[Date "2006.??.??"]
[Round "5"]
[White "Pérez José María"]
[Black "Colom Eduardo"]
[Result "1/2-1/2"]
[WhiteElo "1604"]
[BlackElo "1808"]

1.e4 e6 2.d4 d5 3.e5 c5 4.c3 Qb6 5.Nf3 Nc6 6.a3 f6 7.exf6 Nxf6 8.Bd3 Bd7 9.h3
Bd6 10.dxc5 Bxc5 11.O-O e5 12.Qe2 O-O 13.Bb5 e4 14.Ne1 Ne5 15.Bxd7 Nfxd7 16.b4
Be7 17.Be3 Qg6 18.Nd2 Rac8 19.Rc1 Nb6 20.f3 Nbc4 21.Nxc4 Nxc4 22.a4 Bf6 23.Bc5
Rfe8 24.Qd1 e3 25.Qxd5+ Kh8 26.Qxc4 b6 27.Nc2 bxc5 28.bxc5 e2 29.Rfe1 Bg5 30.
f4 Rxc5 31.Qxc5 Bxf4 32.Qc4 1/2-1/2

[Event "Primera"]
[Site ""]
[Date "2006.??.??"]
[Round "5"]
[White "Sanz Alberto"]
[Black "Urgel Fernando"]
[Result "1-0"]
[WhiteElo "1860"]
[BlackElo "1714"]

1.e4 e5 2.f4 exf4 3.Bc4 Qh4+ 4.Kf1 d6 5.Nf3 Qh5 6.d4 Be6 7.d5 Bg4 8.Be2 Nd7 9.
Bxf4 Ne7 10.Nc3 Ng6 11.Bg3 Be7 12.Nb5 Bd8 13.Qd2 a6 14.Nbd4 O-O 15.h3 Nge5 16.
Kf2 Nxf3 17.Nxf3 Bxf3 18.gxf3 Bh4 19.Rag1 Bxg3+ 20.Rxg3 f5 21.Rhg1 Qh4 22.Qg5
Qxg5 23.Rxg5 g6 24.exf5 Ne5 25.fxg6 hxg6 26.h4 Rf4 27.h5 Raf8 28.R1g3 Kg7 29.
hxg6 Rh8 30.Ke3 Rhh4 31.Bd3 Rb4 32.Be4 Nc4+ 33.Ke2 Nxb2 34.Rf5 Na4 35.Rf7+ Kg8
36.g7 Rbxe4+ 37.fxe4 Nc3+ 38.Kd3 1-0

[Event "Primera"]
[Site ""]
[Date "2006.??.??"]
[Round "5"]
[White "Gonzalo Jorge"]
[Black "Millán David"]
[Result "0-1"]
[WhiteElo "1687"]
[BlackElo "1664"]

1.e4 e5 2.Nf3 Nf6 3.Nc3 Nc6 4.d4 exd4 5.Nxd4 Bb4 6.Nxc6 bxc6 7.Qf3 d5 8.exd5
O-O 9.Be2 Bg4 10.Qf4 Bxc3+ 11.bxc3 Qe7 12.Qe3 Rfe8 13.Qxe7 Rxe7 14.f3 Rae8 15.
fxg4 Rxe2+ 16.Kf1 Re1+ 17.Kf2 Rxh1 18.h3 Ree1 0-1

[Event "Primera"]
[Site ""]
[Date "2006.??.??"]
[Round "5"]
[White "Casterá Rafael"]
[Black "Belmonte Avelino"]
[Result "1/2-1/2"]
[WhiteElo "1672"]
[BlackElo "1767"]

1.e4 d5 2.exd5 Nf6 3.Bb5+ Bd7 4.Bxd7+ Qxd7 5.c4 c6 6.dxc6 Nxc6 7.Nf3 Qd3 8.Qe2
Qf5 9.a3 e6 10.d4 Be7 11.Nc3 O-O 12.b4 Rad8 13.Be3 Ne4 14.Nxe4 Qxe4 15.Rd1 Bf6
16.Qd3 Qg4 17.O-O e5 18.h3 Qh5 19.d5 Be7 20.Qc3 e4 21.Nh2 f5 22.f3 Bf6 23.Qb3
Ne5 24.fxe4 fxe4 25.Bxa7 Qe2 26.Bd4 Qxc4 27.Qxc4 Nxc4 28.Bxf6 Rxf6 29.Ng4
Rxf1+ 30.Kxf1 h5 31.Rc1 Nxa3 32.Ne3 Rd7 33.Rc5 Rd6 34.g4 hxg4 35.hxg4 Rb6 36.
Nc4 Nxc4 37.Rxc4 Rd6 38.Rd4 Kf7 39.Ke2 Kf6 40.Ke3 Ke5 41.Rxe4+ Kxd5 42.Rd4+
Ke5 43.Rxd6 Kxd6 44.Kd4 b5 45.g5 g6 46.Ke4 Ke6 47.Kd4 1/2-1/2

[Event "Primera"]
[Site ""]
[Date "2006.??.??"]
[Round "5"]
[White "Charles Eduardo"]
[Black "Calvo Rafael"]
[Result "1-0"]
[WhiteElo "1652"]
[BlackElo "1620"]

1.Nf3 d6 2.c4 Nf6 3.Nc3 g6 4.e3 Bg7 5.h3 O-O 6.d4 c6 7.b3 Qc7 8.Bb2 Nbd7 9.Be2
e5 10.O-O exd4 11.Nxd4 a6 12.Rc1 c5 13.Nf3 b6 14.Ne1 Bb7 15.Bf3 Bxf3 16.Qxf3
Rad8 17.Nd3 Qb8 18.Qe2 Rfe8 19.Nf4 Ne5 20.Nfd5 Nxd5 21.Nxd5 b5 22.f4 Nd7 23.
Bxg7 Kxg7 24.f5 Re5 25.f6+ Kf8 26.Ne7 Qb7 27.Qg4 Nxf6 28.Nxg6+ hxg6 29.Rxf6
Kg7 30.Rcf1 Rf8 31.h4 Qe4 32.Qxe4 Rxe4 33.Rxd6 bxc4 34.bxc4 Rxc4 35.Rf4 Rc3
36.e4 Rc4 37.Rg4 Re8 38.h5 Rcxe4 39.Rxe4 Rxe4 40.hxg6 fxg6 41.Rxa6 Kh6 42.a4
Kg5 43.a5 Kf5 44.Rc6 c4 45.a6 Re1+ 46.Kf2 Ra1 47.Ke3 Ke5 48.Rxg6 c3 49.Rc6 Kd5
50.Rxc3 Rxa6 51.Kf4 Kd4 52.Rf3 Ra5 53.Rf1 Kd5 54.Kf5 Kd6+ 55.Kf6 Kd7 56.Kf7
Rg5 57.Rd1+ Kc6 58.Rd2 Rg3 59.Ke6 Kc5 60.Ke5 Re3+ 61.Kf4 Re6 62.g4 Rd6 63.Rc2+
Kd5 64.Kf5 Kd4 65.Rd2+ Kc5 66.Rxd6 Kxd6 67.Kf6 Kd7 68.Kf7 1-0

[Event "Primera"]
[Site ""]
[Date "2006.??.??"]
[Round "5"]
[White "Lapuente José Manuel"]
[Black "Valladolid Luis"]
[Result "0-1"]
[WhiteElo "1747"]
[BlackElo "1676"]

1.d4 d6 2.Nf3 Nf6 3.Nc3 c6 4.g3 Qa5 5.Bg2 Bg4 6.O-O Nbd7 7.e4 e5 8.a3 Qb6 9.
Qd3 Bxf3 10.Bxf3 Be7 11.Ne2 exd4 12.Qxd4 Qxd4 13.Nxd4 Ne5 14.Bg2 O-O 15.b3
Rac8 16.a4 d5 17.exd5 Nxd5 18.Be3 Nxe3 19.fxe3 Ng4 20.Rf3 Bg5 21.Re1 Rfe8 22.
Nf5 Rcd8 23.h4 Bf6 24.Bh3 Ne5 25.Rf2 h5 26.Nd4 Ng4 27.Bxg4 Bxd4 28.Bxh5 g6 29.
Bxg6 fxg6 30.Rf3 Bc5 31.Re2 Rd7 32.Kg2 Rde7 33.Kf2 Rf7 34.Rxf7 Kxf7 35.Kf3 Ke6
36.g4 Ke5 37.h5 g5 38.h6 Rf8+ 39.Kg3 Ke4 40.Rf2 Rxf2 41.Kxf2 Bxe3+ 42.Ke2 Bd4
43.h7 Kf4 44.Kd3 Bh8 45.Ke2 Kxg4 46.Kf2 Kf4 47.Kg2 Ke3 0-1

[Event "Primera"]
[Site ""]
[Date "2006.??.??"]
[Round "5"]
[White "Abad Jesús Manuel"]
[Black "Fondón Alvaro"]
[Result "0-1"]
[WhiteElo "1851"]
[BlackElo "1658"]

1.e4 e5 2.Nf3 Nc6 3.Bc4 Bc5 4.c3 Nf6 5.b4 Bb6 6.d3 d6 7.O-O a5 8.b5 Na7 9.Be3
Bxe3 10.fxe3 c6 11.Bxf7+ Kxf7 12.Qb3+ Ke7 13.b6 Be6 14.c4 Nc8 15.Ng5 Qxb6 16.
d4 exd4 17.exd4 Qxd4+ 18.Kh1 Ra7 19.Nxe6 Qxa1 20.Nxg7 Qe5 21.Nf5+ Kd7 22.c5 d5
23.exd5 Nxd5 24.Nd2 Rf8 25.Nc4 Qe2 26.Rb1 Rxf5 27.Qh3 Qh5 28.Qg3 Qf7 29.Ne5+
Rxe5 30.Qxe5 b5 31.cxb6 Ncxb6 32.h3 Ra8 33.Qd4 Re8 34.Qd2 a4 35.Qd1 Kc7 36.Qd2
Qf4 37.Qa5 Re2 38.Qa7+ Kd6 39.Rg1 Rxa2 40.Re1 Qf2 41.Qb8+ Kc5 42.Rc1+ Rc2 43.
Rg1 Nf4 44.Qf8+ Kb5 45.Qf5+ Nbd5 46.Rb1+ Rb2 0-1

[Event "Primera"]
[Site ""]
[Date "2006.??.??"]
[Round "5"]
[White "Casanova Gabriel"]
[Black "Añaños Diego"]
[Result "1-0"]
[WhiteElo "1641"]
[BlackElo "1658"]

1.e4 e5 2.f4 exf4 3.Nf3 g5 4.h4 g4 5.Ne5 h5 6.d4 Qf6 7.Bc4 Rh7 8.Nc3 Ne7 9.Nd5
Nxd5 10.Bxd5 c6 11.Bb3 d6 12.Nc4 Nd7 13.c3 Bh6 14.Bc2 Rg7 15.Nd2 Nf8 16.Qe2
Ng6 17.Nc4 b5 18.e5 dxe5 19.Nxe5 Nxe5 20.Qxe5+ Qxe5+ 21.dxe5 g3 22.Bd2 Be6 23.
O-O-O O-O-O 24.Be4 Bd5 25.Bf5+ Kc7 26.c4 bxc4 27.Ba5+ Kb7 28.Bxd8 f3+ 29.Kc2
f2 30.Bh3 Be4+ 31.Kc3 Bd3 32.Rxd3 cxd3 33.Kxd3 Rg8 34.Bf6 Re8 35.Ke2 Bf4 36.
Kf3 Bxe5 37.Bd7 Bxf6 38.Bxe8 Bxh4 39.Bxf7 Kc7 40.Ke2 Be7 41.Rxh5 Bd6 42.Bc4
Kb6 43.b3 a5 44.a4 Bb4 45.Kf3 Bd6 46.Rh6 Kc7 47.Ke4 c5 48.Kd5 Bf8 49.Rg6 Be7
50.Rxg3 Bh4 51.Rf3 Kd7 52.Kxc5 1-0

[Event "Primera"]
[Site ""]
[Date "2006.??.??"]
[Round "6"]
[White "Tirapo Ana"]
[Black "Donoso Alejandro"]
[Result "0-1"]
[WhiteElo "1868"]
[BlackElo "1786"]

1.Nf3 Nf6 2.d3 c5 3.g3 e6 4.Bg2 d5 5.Nbd2 Bd6 6.O-O O-O 7.e4 Nc6 8.Nh4 Bc7 9.
f4 dxe4 10.dxe4 e5 11.f5 b5 12.c3 Bb7 13.Qe2 c4 14.Kh1 Qe7 15.Ndf3 Nb8 16.Bg5
Nbd7 17.g4 Rad8 18.Bxf6 Nxf6 19.g5 Nxe4 20.f6 gxf6 21.Nf5 Qd7 22.N3h4 Qd2 23.
Nh6+ Kh8 24.Qh5 Qxg5 25.Nxf7+ Rxf7 26.Qxf7 Qxh4 27.Rf3 Nf2+ 28.Rxf2 Qxf2 29.
Bxb7 Bb6 30.Be4 Qh4 31.Bg2 e4 32.Rf1 e3 33.Qe7 Qg5 34.Bf3 Rg8 35.Be4 Qg7 0-1

[Event "Primera"]
[Site ""]
[Date "2006.??.??"]
[Round "6"]
[White "Tello Rafael"]
[Black "Rubio Abel"]
[Result "1-0"]
[WhiteElo "1578"]
[BlackElo "1817"]

1.e4 d5 2.e5 c5 3.d4 Nc6 4.c3 Bf5 5.Bd3 Bxd3 6.Qxd3 e6 7.Ne2 Qb6 8.O-O h5 9.
Nd2 Nh6 10.Nf3 Nf5 11.dxc5 Bxc5 12.b4 Be7 13.a4 g5 14.b5 Na5 15.Bxg5 Bxg5 16.
Nxg5 Rg8 17.Nh7 Rg7 18.Nf6+ Ke7 19.Nxd5+ exd5 20.Qxf5 Rag8 21.Nf4 Qc5 22.Rad1
Qc4 23.Nxd5+ Kf8 24.Ne3 Rxg2+ 25.Nxg2 Nb3 26.Rd8+ Kg7 27.Qg5+ 1-0

[Event "Primera"]
[Site ""]
[Date "2006.??.??"]
[Round "6"]
[White "Moreno Laura"]
[Black "Juni Marcos"]
[Result "0-1"]
[WhiteElo "1710"]
[BlackElo "1631"]

1.e4 d5 2.exd5 Nf6 3.d4 Qxd5 4.c4 Qa5+ 5.Nc3 e6 6.Bd3 c5 7.Nf3 Qc7 8.Nb5 Qb6
9.Bf4 Na6 10.O-O Bd7 11.Qb3 Bxb5 12.Qxb5+ Qxb5 13.cxb5 Nb4 14.Bc4 Nbd5 15.Be5
Nd7 16.Bg3 N7b6 17.Bd3 f6 18.dxc5 Bxc5 19.Rac1 Nd7 20.Rfe1 Kf7 21.Re2 Rhe8 22.
Nd2 Bd4 23.Nc4 Bc5 24.Nd6+ Bxd6 25.Bxd6 e5 26.Bc4 Nb6 27.Bb3 Ke6 28.Bb4 Rac8
29.Rd1 Red8 30.Red2 Rc7 31.Ba5 Rcd7 32.g3 h6 33.Kg2 g5 34.Kf3 f5 35.h3 e4+ 36.
Kg2 Ke5 37.Rd4 f4 38.Bxd5 Rxd5 39.Bc3 Ke6 40.Rxd5 Nxd5 41.Rd4 Rd6 42.Rxe4+ Kd7
43.Rd4 Nxc3 44.Rxd6+ Kxd6 45.bxc3 Kc5 46.Kf3 Kxb5 47.Ke4 Kc4 48.Kf5 Kd3 49.Kg6
Ke2 50.Kxh6 Kxf2 51.Kxg5 Kxg3 52.h4 f3 53.h5 f2 54.h6 f1=Q 55.h7 Qf8 56.Kg6
Kg4 0-1

[Event "Primera"]
[Site ""]
[Date "2006.??.??"]
[Round "6"]
[White "Carilla Angel"]
[Black "García Obdulio"]
[Result "1-0"]
[WhiteElo "1847"]
[BlackElo "1731"]

1.d4 Nf6 2.c4 g6 3.Nc3 Bg7 4.Bg5 O-O 5.Qd2 Re8 6.e4 d6 7.O-O-O Nbd7 8.f4 h5 9.
Nf3 Nh7 10.e5 Nxg5 11.Nxg5 Nf8 12.h3 f6 13.Nf3 c6 14.Bd3 Qc7 15.Qc2 f5 16.g4
hxg4 17.hxg4 Ne6 18.Qh2 Nf8 19.gxf5 Bxf5 20.Bxf5 gxf5 21.Rdg1 Kf7 22.Ng5+ 1-0

[Event "Primera"]
[Site ""]
[Date "2006.??.??"]
[Round "6"]
[White "Sancho Jesús"]
[Black "Jiménez Alejandro"]
[Result "1-0"]
[WhiteElo "1686"]
[BlackElo "1719"]

1.e4 c6 2.Nc3 d5 3.d4 dxe4 4.Nxe4 Bf5 5.Ng3 Bg6 6.h4 h6 7.h5 Bh7 8.Nf3 Nd7 9.
Bd3 Bxd3 10.Qxd3 e6 11.Bf4 Ngf6 12.O-O-O Be7 13.Ne5 O-O 14.Nc4 b5 15.Ne3 Qa5
16.Kb1 Nd5 17.Nxd5 cxd5 18.Rhe1 Rfc8 19.Nf5 Bb4 20.Nxh6+ Kf8 21.c3 Bxc3 22.
Bd6+ Ke8 23.Rxe6+ Kd8 24.Nxf7# 1-0

[Event "Primera"]
[Site ""]
[Date "2006.??.??"]
[Round "6"]
[White "Glez-Mendoza José Antonio"]
[Black "Iglesias Luis"]
[Result "1-0"]
[WhiteElo "1704"]
[BlackElo "1748"]

1.d4 d5 2.Nf3 Nf6 3.e3 e6 4.Bd3 Bd6 5.Nbd2 b6 6.Qe2 O-O 7.O-O c5 8.c3 Nbd7 9.
e4 dxe4 10.Nxe4 Be7 11.Ne5 cxd4 12.cxd4 Bb7 13.Nxf6+ Nxf6 14.Be3 Qd5 15.f3 Qd6
16.Rac1 Rac8 17.Rfd1 Nd5 18.Be4 Nxe3 19.Qxe3 Rxc1 20.Rxc1 Bxe4 21.fxe4 Bf6 22.
Nf3 Qd7 23.e5 Be7 24.Qc3 Qb5 25.a3 f6 26.Qc4 Qxc4 27.Rxc4 fxe5 28.Nxe5 Bg5 29.
Nf3 Bf6 30.b4 g6 31.b5 Rf7 32.a4 Rd7 33.Kf2 Kf7 34.Ke3 Ke7 35.g4 Kd8 36.Ke4
Rc7 37.Rxc7 Kxc7 38.Nd2 h5 39.h3 hxg4 40.hxg4 Kb7 41.Nc4 a6 42.Nd6+ Ka7 43.d5
exd5+ 44.Kxd5 axb5 45.axb5 Bh4 46.Kc6 Bf2 47.Nc8+ Kb8 48.Nxb6 g5 49.Nd7+ Kc8
50.b6 Kd8 51.b7 Bg3 52.b8=Q+ Bxb8 53.Nxb8 Ke7 54.Kd5 1-0

[Event "Primera"]
[Site ""]
[Date "2006.??.??"]
[Round "6"]
[White "Quintín Alberto"]
[Black "Mánguez José Luis"]
[Result "1/2-1/2"]
[WhiteElo "1792"]
[BlackElo "1825"]

1.e4 d5 2.exd5 Nf6 3.Nc3 Nxd5 4.Bc4 Nxc3 5.Qf3 e6 6.dxc3 Nc6 7.Bf4 Bd6 8.Rd1
O-O 9.Ne2 Qh4 10.Bb3 Bxf4 11.Qxf4 Qxf4 12.Nxf4 Na5 13.Ba4 a6 14.Bd7 Rd8 15.
Bxc8 Rxd1+ 16.Kxd1 Rxc8 17.Ke2 Rd8 18.Rd1 Rxd1 19.Kxd1 Nc4 1/2-1/2